000 00234 a2200097 4500
001 30235
100 _aPicard, B L
245 _aGerman Hero Sagas & Folk Tables
260 _aLondon
_bOxford University Press
_c
090 _c20178
_d20178
942 _aNUST-CAE
_cM
_c11312
999 _c265308
_d265308